Η κοστολόγηση του νερού άδρευσης στην Ελλάδα : μεταπτυχιακή διατριβή

Αποθηκεύτηκε σε:
Λεπτομέρειες βιβλιογραφικής εγγραφής
Κύριος συγγραφέας: Καλλίγαρος, Δημήτρης
Συγγραφή απο Οργανισμό/Αρχή: Πανεπιστήμιο Αιγαίου Σχολή Περιβάλλοντος Τμήμα Περιβάλλοντος Πρόγραμμα Μεταπτυχιακών Σπουδών Γεωργία και Περιβάλλον
Άλλοι συγγραφείς: Μάργαρης, Νίκος Σ., 1943-2013 (Εισηγητής διατριβής)
Μορφή: Thesis Βιβλίο
Γλώσσα:Greek
Δημοσίευση: Μυτιλήνη : Πανεπιστήμιο Αιγαίου, Τμήμα Περιβάλλοντος, 2004
Θέματα:
Διαθέσιμο Online:http://hdl.handle.net/11610/15341
Ετικέτες: Προσθήκη ετικέτας
Δεν υπάρχουν, Καταχωρήστε ετικέτα πρώτοι!

MARC

LEADER 00000cam a2200000 i 4500
001 1/83253
008 050808s2004 gre d
035 |l 10079726 
040 |a GR-MY-UA  |b gre  |e aacr 
041 0 |a gre 
082 0 |a 333.91  |2 (22) 
100 1 |a Καλλίγαρος, Δημήτρης. 
245 1 2 |a Η κοστολόγηση του νερού άδρευσης στην Ελλάδα :  |b μεταπτυχιακή διατριβή /  |c Δημήτρης Καλλίγαρος ; υπεύθυνος καθηγητής Νικόλαος Σ. Μάργαρης 
260 |a Μυτιλήνη :   |b Πανεπιστήμιο Αιγαίου, Τμήμα Περιβάλλοντος,   |c 2004 
300 |a 112 σ.;  |b διαργ.;  |c 30 εκ. 
502 |a Διατριβή (μεταπτυχιακή) – Πανεπιστήμιο Αιγαίου, Λέσβος, 2004. 
504 |a Βιβλιογραφία: 93-94 
650 0 0 |a Water-supply, Agricultural  |z Greece. 
650 0 0 |a Irrigation  |x Economic aspects  |z Greece. 
650 0 0 |a Water in agriculture  |x Economic aspects  |z Greece. 
650 0 0 |a Dissertations, Academic  |z Greece. 
700 1 |a Μάργαρης, Νίκος Σ.,   |d 1943-2013.  |4 ths 
710 2 |a Πανεπιστήμιο Αιγαίου  |b Σχολή Περιβάλλοντος  |b Τμήμα Περιβάλλοντος  |b Πρόγραμμα Μεταπτυχιακών Σπουδών Γεωργία και Περιβάλλον. 
852 |a INST  |b LESVOS  |c DIATR  |e 20050808  |h 19  |p 005100031368  |q 005100031368  |t MTXE  |y 23 
852 |a INST  |b LESVOS  |c DIATR  |e 20050808  |h 20  |p 005100031367  |q 005100031367  |t MTXE  |y 23 
856 |u http://hdl.handle.net/11610/15341 
901 |a BIBL1-2005-2 
909 |a Λ  |b 115517 
909 |a Λ  |b 115518 
924 |a ΚΑΛΛΙΓΑΡΟΣ  |b ΔΗΜΗΤΡΗΣ  |y ΛΕΣΒΟΣ  |z 2004 
970 |a ΜΑΡΙΝΑΤΟΥ  |b ΜΥΡΣΙΝΗ  |z 2005/08/08